Normal view
MARC view
- Solomon, Norman
Entry Personal Name
001 - CONTROL NUMBER
- control field: 63669
003 - CONTROL NUMBER IDENTIFIER
- control field: NUST
005 - DATE AND TIME OF LATEST TRANSACTION
- control field: 20210628203145.0
008 - FIXED-LENGTH DATA ELEMENTS
- fixed length control field: 210628|| aca||aabn | a|a d
040 ## - CATALOGING SOURCE
- Original cataloging agency: NUST
- Transcribing agency: NUST
100 ## - HEADING--PERSONAL NAME
- Personal name: Solomon, Norman
670 ## - SOURCE DATA FOUND
- Source citation: Work cat.: (NUST): Solomon, Norman, War made easy , how presidents and pundits keep spinning us to death, 2005
